000 00277nam a22001337a 4500
003 SGT
020 _a8172291698
082 _a954.034
_bM55G
100 _aGANDHI, M.K.
245 _aMY RELIGION
260 _bNAVJIVAN PUBLISHING HOUSE
_c1955
300 _a166
942 _2ddc
_cBK
999 _c30901
_d30901